| 000 | 00720nam a22002172 4500 | ||
|---|---|---|---|
| 001 | 0000011947 | ||
| 005 | 20151217152103.0 | ||
| 008 | 090122s xx 000 0 eng d | ||
| 020 | _a0199280630 : | ||
| 040 |
_aKABU _cKABU |
||
| 245 | 1 | 0 |
_aControlling strategy : _bmanagement, accounting, and performance measurement / _cedited by Christopher S. Chapman. |
| 250 | _a1st ed. | ||
| 260 |
_aOxford : _bO. U. P., _c2005. |
||
| 300 | _axi, 191 p. | ||
| 650 | 0 |
_aBusiness planning _xEconomic aspects. _@0000168033 |
|
| 650 | 0 |
_aManagerial accounting. _@0000151472 |
|
| 700 | 1 |
_aChapman, Christopher S. _@0000168034 |
|
| 852 | 1 | _9p3150 KES | |
| 908 | _a090122 | ||
| 950 | _@1 | ||
| 999 |
_c8108 _d8108 |
||